000 03696cam a22011774i 4500
003 PE-LiUPU
005 20250813185721.0
008 2019m2019 sp a rb 000 0 spa d
020 _a9788436839814
035 _aPE-LiUPU2025006
040 _aPE-LiUPU
_bspa
_cPE-LiUPU
_erda
082 0 4 _a371.94
_bJ61m
_223
100 _aJiménez González, Juan E.,
_ecoordinador.
_95596
245 1 0 _aModelo de respuesta a la intervención :
_bun enfoque preventivo para el abordaje de las dificultades específicas de aprendizaje /
_cJuan E. Jiménez González.
264 1 _aMadrid :
_bEdiciones Pirámide,
_c2019.
300 _a524 páginas :
_bilustraciones ;
_c24 cm
336 _atext
_2rdacontent
337 _aunmediated
_2rdamedia
338 _avolume
_2rdacarrier
504 _aIncluye referencias bibliográficas al final de los capítulos.
505 0 _aModelo de respuesta a la intervención: definición y principales componentes -- Evaluación basada en el currículo dentro del modelo de respuesta a la intervención: elemento crítico para su implementación -- Modelo de respuesta a la intervención y lectura: principales habilidades y detección temprana -- Modelo de respuesta a la intervención y lectura: estrategias instruccionales basadas en la evidencia científica -- Modelo de respuesta a la intervención y escritura -- Modelo de respuesta a la intervención y matemáticas: principales habilidades y detección temprana -- Modelo de respuesta a la intervención y matemáticas: estrategias instruccionales basadas en la evidencia científica -- Efectos de la formación tutorial online y presencial sobre los conocimientos y creencias de los maestros -- Implementación del modelo de respuesta a la intervención en población hispanohablante: un desafío a nuestro alcance.
526 _aP202
526 _aP201
526 _aP163
526 _aP162
526 _aP161
526 _aP160
526 _aP148
526 _aP147
526 _aP146
526 _aP145
526 _aP144
526 _aP143
526 _aP142
526 _aP141
526 _aP140
526 _aP139
526 _aP138
526 _aP137
526 _aP136
526 _aP135
526 _aP134
526 _aP133
526 _aP129
526 _aP128
526 _aP127
526 _aP120
526 _aP119
526 _aP118
526 _aP116
526 _aP115
526 _aP114
526 _aP110
526 _aP109
526 _aP108
526 _aP104
526 _aP103
526 _aP102
526 _aP99
526 _aP98
526 _aP97
526 _aP96
526 _aP95
526 _aP93
526 _aP90
526 _aP89
526 _aP88
526 _aP83
526 _aP82
526 _aP62
526 _aP59
526 _aP58
526 _aP57
526 _aP51
526 _aP49
526 _aP48
526 _aP47
526 _aP29
526 _aP24
526 _aP20
526 _aP19
526 _aP17
526 _aP15
526 _aP14
526 _aP12
526 _aP10
526 _aP09
526 _aP08
526 _aP07
526 _aP06
526 _aP05
526 _aP04
526 _aP01
650 1 4 _aDificultades de aprendizaje
_xPrevención.
_95597
650 2 4 _aIntervención educativa.
_95598
650 2 4 _aEvaluación educativa.
_9399
856 4 0 _uhttps://www.edicionespiramide.es/libro.php?id=123456
_zSitio web del editor.
942 _2ddc
_cBK
980 _621515
_aROMINA COBOS Adquisiciones
_81
_gALBERTO SANCHEZ Responsable de Automatización
999 _c62983
_d62982